000 00543nam a2200217Ia 4500
005 20250425162827.0
008 250425s9999 xx 000 0 und d
020 _a9783319422572
041 _aeng
044 _a-us
082 _a629.8
_pSKO
100 _aSKORMIN, VICTOR A
245 0 _aINTRODUCTION TO PROCESS CONTROL
250 _a1ST ED.
264 _aEstados Unidos, NEW YORK
_bSPRINGER INTERNATIONAL PUBLISHING
_c2016.
300 _a254
362 _aS/N
650 _aCONTROL DE PROCESOS
942 _c01
010 _a110574
999 _c237264
_d237264